| 000 | 00667cam a2200205 4500 | ||
|---|---|---|---|
| 001 | BIIH000599 | ||
| 008 | t19911991 spa | ||
| 020 | _a9686101195 | ||
| 035 | _aBIIH000599 | ||
| 245 | 0 | 4 |
_aLes Llueve sobre mojado / _cJorge Durand...[coord.]. |
| 250 | _a1a ed. | ||
| 260 |
_aGuadalajara, Jalisco, México : _bAcademia Jalisciense de Derechos Humanos : _bITESO, _cc1991 |
||
| 300 |
_a115 p. ; _c21 cm. |
||
| 504 | _aIncluye bibliografías | ||
| 650 | 4 |
_aMexicanos en EE.UU. _xDerechos civiles |
|
| 650 | 4 |
_aEmigración e inmigración _xE. U. A. |
|
| 700 | 1 | _aDurand, Jorge, coord. | |
| 942 |
_2lcc _cLIB |
||
| 999 |
_c65956 _d65956 |
||